| 000 | 00636nam a2200193Ia 4500 | ||
|---|---|---|---|
| 003 | GCL | ||
| 008 | 140319s9999 xx 000 0 ara d | ||
| 040 |
_aGCL / _cGCL |
||
| 082 | 0 | 4 |
_a812.057 _bم غ |
| 100 | 1 | _aمحمد سعد بيومى | |
| 245 | 1 | 0 |
_aالغائب والبركان: مسرحية شعرية / _cمحمد سعد بيومى |
| 260 |
_a[S.N] : _bالهيئة العامة لقصور الثقافة ، _c1994 |
||
| 300 | _a105 ص | ||
| 490 |
_aاصوات ادبية _v0 |
||
| 650 | 0 | 4 | _aالادب العربى |
| 650 | 0 | 4 | _aالشعر المسرحى |
| 650 | 0 | 4 | _aالمسرحيات العربية |
| 942 |
_2ddc _cBK |
||
| 999 |
_c34641 _d34641 |
||